| 000 | 00460nam a22001337a 4500 | ||
|---|---|---|---|
| 005 | 20241112100338.0 | ||
| 008 | 241112b |||||||| |||| 00| 0 eng d | ||
| 020 | _a9781405712439 | ||
| 245 |
_aThe All England Law Reports 2006 Vol. 2 _cEditor-in-chief Craig Rose, Barrister; Editor, Widdicombe, Solicitor |
||
| 260 |
_aUnited Kingdom _bLexisNexis Butterworths _c2006 |
||
| 300 |
_axviii, 1122 pages _c23.5 cm |
||
| 650 |
_2Law Reports _xEngland |
||
| 942 |
_2lcc _cBK _n0 |
||
| 999 |
_c1050 _d1050 |
||